International Monetary Fund Annual Report 1952.

This paper reviews key findings of the IMF's Annual Report for the fiscal year 1952. The report highlights that five years since the IMF began operations, there has been a remarkable growth in production and one widespread adjustment of exchange rates. The attainment of a stable international e...

সম্পূর্ণ বিবরণ

গ্রন্থ-পঞ্জীর বিবরন
সংস্থা লেখক: International Monetary Fund
বিন্যাস: পত্রিকা
ভাষা:English
প্রকাশিত: Washington, D.C. : International Monetary Fund, 1952.
মালা:Annual Report of the Executive Board; Annual Report of the Executive Board ; No. 1952/001
অনলাইন ব্যবহার করুন:Full text available on IMF
LEADER 01682cas a2200229 a 4500
001 AALejournalIMF011113
008 230101c9999 xx r poo 0 0eng d
020 |z 9781616351649 
022 |a 2227-8915 
040 |a BD-DhAAL  |c BD-DhAAL 
110 2 |a International Monetary Fund. 
245 1 0 |a International Monetary Fund Annual Report 1952. 
264 1 |a Washington, D.C. :  |b International Monetary Fund,  |c 1952. 
300 |a 1 online resource (164 pages) 
490 1 |a Annual Report of the Executive Board 
500 |a <strong>Off-Campus Access:</strong> No User ID or Password Required 
500 |a <strong>On-Campus Access:</strong> No User ID or Password Required 
506 |a Electronic access restricted to authorized BRAC University faculty, staff and students 
520 3 |a This paper reviews key findings of the IMF's Annual Report for the fiscal year 1952. The report highlights that five years since the IMF began operations, there has been a remarkable growth in production and one widespread adjustment of exchange rates. The attainment of a stable international equilibrium, however, still eludes large parts of the world, and there has been little secure or sustained progress toward the IMF objectives of unimpeded multilateral trade and the general convertibility of currencies. The report also discusses the use of the IMF's resources, gold policy, and exchange restrictions. 
538 |a Mode of access: Internet 
830 0 |a Annual Report of the Executive Board; Annual Report of the Executive Board ;  |v No. 1952/001 
856 4 0 |z Full text available on IMF  |u http://elibrary.imf.org/view/books/011/11896-9781616351649-en/11896-9781616351649-en-book.xml  |z IMF e-Library